All ICC ODI Cricket WC winners and losers - Statistics

General Stats
  • This quiz has been taken 102 times
  • The average score is 24 of 24
Answer Stats
Score Year Answer % Correct
253/5 1987 Australia
100%
133/2 1999 Australia
100%
359/2 2003 Australia
100%
281/4 (DL) 2007 Australia
100%
186/3 2015 Australia
100%
-- 1975 Australia
100%
----------- 1996 Australia
100%
---------- 2007 Australia
100%
183 1983 India
100%
277/4 2011 India
100%
------------ 2003 India
100%
249/6 1992 Pakistan
99%
------ 1999 Pakistan
99%
245/2 1996 Sri Lanka
99%
-------- 2011 Sri Lanka
99%
241/10 + 15/0= 256/10 2019 England
97%
------ 1979 England
97%
------------- 1987 England
97%
------ 1992 England
97%
291/8 1975 West Indies
97%
286/9 1979 West Indies
97%
---------- 1983 West Indies
97%
------- 2015 New Zealand
95%
-------- 2019 New Zealand
95%
No matching quizzes found
Score Distribution
Percent of People with Each Score
Percentile by Number Answered
Your Score History
You have not taken this quiz